| 000 | 00393nam a22001457a 4500 | ||
|---|---|---|---|
| 020 | _qPB. | ||
| 040 | _cFIZZA ISHAQ | ||
| 082 |
_a741.6 _bHEL |
||
| 100 |
_aHELLER,STEVEN. _934223 |
||
| 245 |
_aDesign Literacy (continued): Understanding Graphic Design / _cHeller, Steven. |
||
| 250 | _a(N.ED) | ||
| 260 |
_a Allworth: _bNew York, _c1999. |
||
| 300 |
_a296 _c10X6.75X0.73 in |
||
| 942 |
_2ddc _cBK |
||
| 999 |
_c615383 _d615383 |
||